Alan Walker - Chansons les plus écoutées - Statistiques

Statistiques générales
  • Ce quiz a été pris 9 fois
  • Le résultat moyen est 9 sur 20
Statistiques - réponses
Chanson Vues % Correct
1 Faded 3 914 512 177
100%
2 Alone 1 480 800 629
88%
3 The Spectre 1 272 533 398
88%
8 All Falls Down 308 911 354
50%
4 Darkside 800 941 608
50%
6 On My Way 658 199 450
50%
13 Play 153 627 261
50%
5 Sing Me To Sleep 752 462 652
50%
16 Unity 104 130 338
50%
7 Diamond Heart 317 799 149
38%
17 Not You 93 520 157
38%
20 The Drum 63 407 414
38%
10 Headlights 220 575 061
25%
15 Hero 105 353 918
25%
9 Hymn For The Weekend 239 067 467
25%
14 Ignite 111 192 460
25%
19 Sky 64 564 798
25%
12 Tired 156 769 314
25%
11 Force 188 178 316
13%
18 Routine 72 549 957
13%
Aucun quiz correspondant
Distribution des résultats
% des personnes avec chaque résultat
Percentile par nombre de réponses
Votre historique - résultats
Vous n’avez pas pris ce quiz